[Event "18. Open de la Constitución 2016"]
[Site "San Sebastian de los Reyes ES"]
[Date "2016.12.06"]
[Round "4.24"]
[White "Perez Ordonez, Jose Ramon"]
[Black "Ojosnegros Martin, Angel"]
[Result "1-0"]
[WhiteElo "1971"]
[BlackElo "1547"]
[PlyCount "117"]
[EventDate "2016.12.03"]
[EventType "swiss"]
[EventRounds "9"]
[EventCountry "ESP"]
[SourceTitle "Ajedrez en Madrid"]
[Source "lmi"]
[SourceDate "2016.12.03"]

1. Nf3 Nf6 2. b3 e6 3. c4 c5 4. g3 Nc6 5. e3 b6 6. Bg2 Bb7 7. O-O d5 8. Bb2 Be7
9. Qe2 O-O 10. Rd1 Re8 11. d4 Qc7 12. Nc3 a6 13. cxd5 exd5 14. dxc5 Bxc5 15.
Nxd5 Nxd5 16. Rxd5 Ne7 17. Rdd1 Nf5 18. Nd4 Nxd4 19. Bxd4 Bxd4 20. Rxd4 Bxg2
21. Kxg2 Qe5 22. Rad1 b5 23. Qf3 Ra7 24. R1d2 h6 25. h4 Qe7 26. Rd6 Qe4 27.
Qxe4 Rxe4 28. Kf3 Re5 29. Rd8+ Kh7 30. R2d5 Re6 31. R8d6 Rae7 32. Ke2 g6 33.
Kd3 Kg7 34. Rxe6 Rxe6 35. e4 Kf6 36. b4 Ke7 37. f4 Rc6 38. Rc5 Rd6+ 39. Ke3 h5
40. Rc7+ Kf8 41. Ra7 Rc6 42. Rd7 Rc2 43. Rd2 Rc3+ 44. Rd3 Rc2 45. a3 Ra2 46.
Kd4 Re2 47. e5 Rc2 48. Rc3 Rd2+ 49. Kc5 Ke7 50. Kb6 Ke6 51. Kxa6 Kf5 52. Kxb5
f6 53. exf6 Kxf6 54. a4 Kf5 55. a5 Rd8 56. a6 Rb8+ 57. Ka5 Kg4 58. a7 Rf8 59.
b5 1-0

[Event "18. Open de la Constitución 2016"]
[Site "San Sebastian de los Reyes ES"]
[Date "2016.12.06"]
[Round "4.25"]
[White "Vazquez Rodriguez, Francisco"]
[Black "Quintero Torres, Pedro"]
[Result "0-1"]
[WhiteElo "1529"]
[BlackElo "1932"]
[PlyCount "66"]
[EventDate "2016.12.03"]
[EventType "swiss"]
[EventRounds "9"]
[EventCountry "ESP"]
[SourceTitle "Ajedrez en Madrid"]
[Source "lmi"]
[SourceDate "2016.12.03"]

1. e4 c5 2. Nc3 e6 3. f4 d5 4. Bb5+ Nc6 5. Nf3 d4 6. Ne2 Nf6 7. d3 Qa5+ 8. Nc3
dxc3 9. Bxc6+ bxc6 10. bxc3 c4 11. Bd2 Ba6 12. Qe2 cxd3 13. cxd3 Rd8 14. Ne5
Qb6 15. Be3 Bc5 16. Bxc5 Qxc5 17. Rc1 Nd7 18. Nxd7 Rxd7 19. c4 Qd4 20. Rd1 O-O
21. Qf2 Qc3+ 22. Ke2 Rfd8 23. Qe3 Bxc4 24. Rc1 Bxd3+ 25. Kf3 Qd4 26. Rxc6 Qxe3+
27. Kxe3 Bb5 28. Rc2 Rd3+ 29. Kf2 Rd2+ 30. Rxd2 Rxd2+ 31. Kg3 h5 32. Ra1 Bc6
33. Re1 Rxa2 0-1

[Event "18. Open de la Constitución 2016"]
[Site "San Sebastian de los Reyes ES"]
[Date "2016.12.06"]
[Round "4.26"]
[White "Braziunaite, Rasa"]
[Black "Hernandez Recio, Roberto"]
[Result "0-1"]
[WhiteElo "1507"]
[BlackElo "1800"]
[PlyCount "144"]
[EventDate "2016.12.03"]
[EventType "swiss"]
[EventRounds "9"]
[EventCountry "ESP"]
[SourceTitle "Ajedrez en Madrid"]
[Source "lmi"]
[SourceDate "2016.12.03"]

1. b3 d5 2. Bb2 Nc6 3. e3 a6 4. Nf3 Bg4 5. h3 Bh5 6. Be2 e6 7. O-O Nf6 8. c4
dxc4 9. bxc4 Be7 10. Na3 O-O 11. Nc2 Re8 12. Rb1 Rb8 13. d3 Nd7 14. Nfd4 Bxe2
15. Qxe2 Nxd4 16. Nxd4 Bf6 17. Nf3 e5 18. Nh2 g6 19. Ng4 Bg7 20. f4 f5 21. Nxe5
Nxe5 22. fxe5 Bxe5 23. Bxe5 Rxe5 24. Qf3 Qxd3 25. Rxb7 Rxb7 26. Qxb7 Qxe3+ 27.
Kh1 Qb6 28. Qc8+ Kg7 29. Qd7+ Kh6 30. Rd1 Qc5 31. Qd2+ Kg7 32. Qc3 Kf7 33. Rd7+
Re7 34. Rd5 Qe3 35. Qxe3 Rxe3 36. Rd7+ Re7 37. Rd5 Ke6 38. Ra5 Kd6 39. Rxa6+
Kc5 40. Ra4 Re4 41. Ra7 Kb6 42. Ra4 h6 43. Rb4+ Kc5 44. Rb7 c6 45. Rc7 Re6 46.
a4 Kxc4 47. Rb7 Re1+ 48. Kh2 Ra1 49. Rg7 g5 50. Rh7 Kd5 51. Rxh6 c5 52. a5 Rxa5
53. Rh5 c4 54. Rxg5 Ke4 55. Rg8 Rc5 56. Re8+ Kf4 57. g3+ Kf3 58. Re1 Kf2 59.
Rc1 c3 60. Rc2+ Ke3 61. h4 Kd3 62. Rf2 c2 63. Rf1 c1=Q 64. Rxc1 Rxc1 65. h5 Ke4
66. Kg2 Rc2+ 67. Kh3 Kf3 68. Kh4 Rg2 69. h6 Rh2+ 70. Kg5 Rxh6 71. Kxh6 Kxg3 72.
Kg5 f4 0-1

[Event "18. Open de la Constitución 2016"]
[Site "San Sebastian de los Reyes ES"]
[Date "2016.12.06"]
[Round "4.27"]
[White "Perez Cameselle, Francisco Jose"]
[Black "Enriquez Pastor, Jorge"]
[Result "1-0"]
[WhiteElo "1754"]
[BlackElo "1415"]
[PlyCount "65"]
[EventDate "2016.12.03"]
[EventType "swiss"]
[EventRounds "9"]
[EventCountry "ESP"]
[SourceTitle "Ajedrez en Madrid"]
[Source "lmi"]
[SourceDate "2016.12.03"]

1. e4 c6 2. d3 d5 3. Nd2 dxe4 4. dxe4 Nf6 5. Ngf3 Bg4 6. h3 Bh5 7. g3 Nxe4 8.
g4 Nxd2 9. Bxd2 Bg6 10. Bc4 Nd7 11. O-O Nf6 12. Re1 Nd5 13. Bb3 e6 14. Qe2 Be7
15. Rad1 O-O 16. c4 Nc7 17. Bc3 Qc8 18. h4 h6 19. h5 Bh7 20. Bc2 Bxc2 21. Qxc2
Rd8 22. Qe4 Rxd1 23. Rxd1 Bf6 24. Bxf6 gxf6 25. Qf4 e5 26. Qf5 Qe6 27. Qe4 Re8
28. Nh4 Na6 29. Nf5 Nc5 30. Nxh6+ Kh8 31. Qe3 Kh7 32. Nf5 Kg8 33. Qh6 1-0

[Event "18. Open de la Constitución 2016"]
[Site "San Sebastian de los Reyes ES"]
[Date "2016.12.06"]
[Round "4.28"]
[White "Karunanithi, Bharath"]
[Black "Rottenwoerer, Christoph"]
[Result "1-0"]
[WhiteElo "1345"]
[BlackElo "1668"]
[PlyCount "95"]
[EventDate "2016.12.03"]
[EventType "swiss"]
[EventRounds "9"]
[EventCountry "ESP"]
[SourceTitle "Ajedrez en Madrid"]
[Source "lmi"]
[SourceDate "2016.12.03"]

1. d4 Nf6 2. c4 g6 3. Nf3 Bg7 4. Nc3 O-O 5. Bf4 d6 6. h3 Nfd7 7. e3 e5 8. Bh2
f5 9. Be2 Nc6 10. O-O Kh8 11. a3 a5 12. Qd2 Nf6 13. dxe5 Ne4 14. Qc2 Nxe5 15.
Nxe5 Nxc3 16. Qxc3 Qe7 17. Nxg6+ hxg6 18. Qc2 Bd7 19. Bf3 Bc6 20. Bxc6 bxc6 21.
Rac1 a4 22. Rfe1 Rfb8 23. Rb1 Qf6 24. Re2 Rb3 25. c5 Rab8 26. cxd6 cxd6 27.
Qxc6 Rxb2 28. Rbxb2 Rxb2 29. Rxb2 Qxb2 30. Bxd6 Qa1+ 31. Kh2 Be5+ 32. Bxe5+
Qxe5+ 33. g3 Qb2 34. Qe8+ Kg7 35. Qe7+ Kg8 36. Kg2 Qb3 37. Qd6 Qb7+ 38. Kh2 Kf7
39. h4 Qf3 40. Qf4 Qxf4 41. exf4 Ke6 42. Kh3 Kd5 43. g4 fxg4+ 44. Kxg4 Kc4 45.
f5 gxf5+ 46. Kxf5 Kb3 47. h5 Kxa3 48. h6 1-0

[Event "18. Open de la Constitución 2016"]
[Site "San Sebastian de los Reyes ES"]
[Date "2016.12.06"]
[Round "4.29"]
[White "Rial Rodriguez, Marta"]
[Black "Caravantes Camacho, Fernando"]
[Result "0-1"]
[WhiteElo "1412"]
[BlackElo "1630"]
[PlyCount "160"]
[EventDate "2016.12.03"]
[EventType "swiss"]
[EventRounds "9"]
[EventCountry "ESP"]
[SourceTitle "Ajedrez en Madrid"]
[Source "lmi"]
[SourceDate "2016.12.03"]

1. e4 e6 2. d4 d5 3. e5 c5 4. c3 Nc6 5. Nf3 Bd7 6. a3 c4 7. Be3 Nge7 8. Be2 Qb6
9. Qc2 Na5 10. Nbd2 Nf5 11. O-O Be7 12. Rab1 Rc8 13. Bg5 h6 14. Bxe7 Nxe7 15.
h3 Nb3 16. Nxb3 Ba4 17. Qd2 Bxb3 18. h4 Nc6 19. g4 Qc7 20. g5 Qe7 21. Nh2 hxg5
22. hxg5 Kd7 23. f4 Rh3 24. Rf3 Rh4 25. Rbf1 Rch8 26. R1f2 g6 27. Bf1 Qf8 28.
Qe3 Bd1 29. Rh3 Qg7 30. Rxh4 Rxh4 31. Qd2 Bg4 32. Nxg4 Rxg4+ 33. Rg2 Rh4 34.
Rh2 Qh7 35. Qf2 Rxh2 36. Qxh2 Qxh2+ 37. Kxh2 Na5 38. Be2 Nb3 39. Kg3 Nd2 40.
Kf2 Kc6 41. Bd1 Ne4+ 42. Ke3 Kb5 43. Ke2 Ng3+ 44. Kf2 Nf5 45. Kf3 a5 46. Kf2
Ne7 47. Kf3 Nc8 48. a4+ Kc6 49. Bc2 Ne7 50. Bd1 b5 51. Bc2 b4 52. cxb4 axb4 53.
b3 c3 54. Ke2 Nc8 55. Bd3 Na7 56. Kd1 Kd7 57. Kc2 Ke7 58. Bb5 Kd8 59. Kd3 Nc8
60. Kc2 Ne7 61. a5 Nf5 62. Kb1 Nxd4 63. Ba4 Ne2 64. a6 Kc8 65. Be8 Nxf4 66.
Bxf7 Kb8 67. Be8 Ka7 68. Bb5 Nh3 69. Be8 Nxg5 70. Bxg6 Kxa6 71. Kc2 Kb6 72. Bh5
Kc5 73. Kd3 d4 74. Bd1 Kd5 75. Bc2 Kxe5 76. Kc4 Nf3 77. Kxb4 Ne1 78. Bh7 c2 79.
Bxc2 Nxc2+ 80. Kc4 Ke4 0-1

[Event "18. Open de la Constitución 2016"]
[Site "San Sebastian de los Reyes ES"]
[Date "2016.12.06"]
[Round "4.30"]
[White "Asins Martin, Jose"]
[Black "Martinez Miura, Enrique"]
[Result "0-1"]
[WhiteElo "1323"]
[BlackElo "1620"]
[PlyCount "88"]
[EventDate "2016.12.03"]
[EventType "swiss"]
[EventRounds "9"]
[EventCountry "ESP"]
[SourceTitle "Ajedrez en Madrid"]
[Source "lmi"]
[SourceDate "2016.12.03"]

1. d4 e6 2. Bf4 d5 3. Nf3 c5 4. b3 Nc6 5. e3 cxd4 6. exd4 Nf6 7. Bd3 Be7 8. O-O
O-O 9. Ne5 Bd7 10. Nd2 Nxd4 11. Ndf3 Nxf3+ 12. Qxf3 Rc8 13. Qg3 Kh8 14. Rfe1
Qe8 15. Ng4 Nh5 16. Qe3 Nxf4 17. Qxf4 f6 18. Qg3 e5 19. Ne3 Qf7 20. Bf5 Bxf5
21. Nxf5 Rxc2 22. Red1 d4 23. Qd3 Rfc8 24. h4 Ba3 25. Kh2 Rxf2 26. Qh3 Rc3 27.
Ng3 Qc7 28. Qe6 Qc8 29. Qf7 Rc7 30. Qd5 Qd7 31. Qa5 Bb2 32. Rab1 b6 33. Qb4 Kg8
34. Ne4 Rfc2 35. Rd2 Rxd2 36. Qxd2 Bc3 37. Qd3 f5 38. Ng5 h6 39. Nf3 e4 40. Ne5
exd3 41. Nxd7 Rxd7 42. Rd1 d2 43. Kg3 Re7 44. Kf2 Re1 0-1

[Event "18. Open de la Constitución 2016"]
[Site "San Sebastian de los Reyes ES"]
[Date "2016.12.06"]
[Round "4.31"]
[White "Garcia Lopez, Fernando"]
[Black "Gonzalez Morente, Jose A"]
[Result "0-1"]
[WhiteElo "1608"]
[BlackElo "1368"]
[PlyCount "82"]
[EventDate "2016.12.03"]
[EventType "swiss"]
[EventRounds "9"]
[EventCountry "ESP"]
[SourceTitle "Ajedrez en Madrid"]
[Source "lmi"]
[SourceDate "2016.12.03"]

1. e4 d5 2. exd5 Qxd5 3. Nc3 Qa5 4. d4 c6 5. Bd2 Qc7 6. Nf3 Bf5 7. Bc4 e6 8.
O-O Bd6 9. Re1 Nf6 10. Ne5 Nbd7 11. f4 Qb6 12. Bc1 O-O 13. Bb3 Bb4 14. Rf1 Nxe5
15. fxe5 Ne4 16. Nxe4 Bxe4 17. c3 Be7 18. Qg4 Bf5 19. Qg3 Kh8 20. Be3 Qd8 21.
Rxf5 exf5 22. Qf3 Bg5 23. Bf2 f4 24. g3 fxg3 25. hxg3 Qe7 26. Kg2 Qd7 27. Rh1
h6 28. Qh5 Qf5 29. Rf1 Qg6 30. Qf3 a5 31. a4 Rad8 32. Bc4 Qc2 33. Bd3 Qxb2 34.
Rb1 Qxc3 35. Rxb7 Kg8 36. Rc7 Qb4 37. Rxc6 Qxa4 38. Qf5 Qxc6+ 39. d5 Qxd5+ 40.
Be4 g6 41. Bxd5 gxf5 0-1

[Event "18. Open de la Constitución 2016"]
[Site "San Sebastian de los Reyes ES"]
[Date "2016.12.06"]
[Round "4.36"]
[White "Llamas Martinez, Pablo"]
[Black "Martin Rodriguez, Jose Luis"]
[Result "1-0"]
[WhiteElo "1411"]
[BlackElo "1343"]
[PlyCount "97"]
[EventDate "2016.12.03"]
[EventType "swiss"]
[EventRounds "9"]
[EventCountry "ESP"]
[SourceTitle "Ajedrez en Madrid"]
[Source "lmi"]
[SourceDate "2016.12.03"]

1. e4 e6 2. d4 d5 3. e5 c5 4. c3 Nc6 5. Nf3 Qb6 6. Bd3 Bd7 7. O-O cxd4 8. cxd4
Nxd4 9. Nbd2 Nxf3+ 10. Nxf3 Bc5 11. Qe2 Ne7 12. Be3 Bxe3 13. fxe3 Ng6 14. Bxg6
hxg6 15. Ng5 O-O-O 16. Nxf7 Bb5 17. Qc2+ Kb8 18. Rf3 Rhf8 19. Nxd8 Rxf3 20.
gxf3 Qxd8 21. Qxg6 Qe7 22. Qh5 Qd7 23. Rc1 Qd8 24. Kh1 Qf8 25. f4 Bc6 26. Kg1
Qd8 27. Qf7 Qb6 28. Qf8+ Kc7 29. Qxg7+ Kd8 30. Qf8+ Be8 31. Rc8+ Kxc8 32. Qxe8+
Kc7 33. Qe7+ Kc8 34. Qf8+ Kc7 35. Qd6+ Qxd6 36. exd6+ Kxd6 37. h4 Ke7 38. Kf2
Kf6 39. Kf3 Kf5 40. h5 a6 41. a3 b6 42. b3 Kf6 43. Kg4 Kf7 44. Kg5 Kg7 45. h6+
Kf7 46. h7 Kg7 47. h8=Q+ Kxh8 48. Kf6 Kg8 49. Kxe6 1-0

[Event "18. Open de la Constitución 2016"]
[Site "San Sebastian de los Reyes ES"]
[Date "2016.12.06"]
[Round "4.37"]
[White "Lozano Hernanz, Rodrigo"]
[Black "Vallespin Morales, Antonio"]
[Result "1/2-1/2"]
[WhiteElo "1379"]
[BlackElo "1281"]
[PlyCount "96"]
[EventDate "2016.12.03"]
[EventType "swiss"]
[EventRounds "9"]
[EventCountry "ESP"]
[SourceTitle "Ajedrez en Madrid"]
[Source "lmi"]
[SourceDate "2016.12.03"]

1. e4 c5 2. Nf3 e6 3. Nc3 a6 4. d4 cxd4 5. Nxd4 Qc7 6. Bd3 Bc5 7. Nf3 Nc6 8.
O-O Nf6 9. Re1 d6 10. Bg5 Ng4 11. Re2 Nd4 12. Nxd4 Bxd4 13. Bb5+ axb5 14. Qxd4
f6 15. Nxb5 Qd7 16. Nxd6+ Ke7 17. Nxc8+ Raxc8 18. Qb4+ Kf7 19. Rd2 Qc7 20. Bf4
Qxf4 21. Qxb7+ Kg6 22. Rad1 Qxh2+ 23. Kf1 Qh1+ 24. Ke2 Qxg2 25. Rf1 Rb8 26. Qd7
Ne5 27. Qxe6 Qxe4+ 28. Kd1 Qg4+ 29. Qxg4+ Nxg4 30. Rg1 f5 31. f3 Rxb2 32. Ke2
Re8+ 33. Kd3 Rxa2 34. fxg4 Rd8+ 35. Kc3 Rxd2 36. Kxd2 fxg4 37. Rxg4+ Kf6 38.
Kd3 Ra5 39. c4 g6 40. Kd4 h5 41. Rf4+ Kg5 42. Rf8 Ra1 43. c5 Rd1+ 44. Kc4 Rc1+
45. Kb5 Rb1+ 46. Kc6 h4 47. Kd6 Rd1+ 48. Ke5 Re1+ 1/2-1/2

[Event "18. Open de la Constitución 2016"]
[Site "San Sebastian de los Reyes ES"]
[Date "2016.12.06"]
[Round "4.38"]
[White "Tejerina Rincon, Pablo"]
[Black "Tejerina Rincon, Andres"]
[Result "1-0"]
[WhiteElo "1309"]
[BlackElo "1238"]
[PlyCount "65"]
[EventDate "2016.12.03"]
[EventType "swiss"]
[EventRounds "9"]
[EventCountry "ESP"]
[SourceTitle "Ajedrez en Madrid"]
[Source "lmi"]
[SourceDate "2016.12.03"]

1. g3 e5 2. Nc3 Nc6 3. Bg2 Nf6 4. e4 Bb4 5. Nf3 d6 6. d3 Bg4 7. O-O Bc5 8. Bg5
h6 9. Bxf6 Qxf6 10. Nd5 Qd8 11. c3 O-O 12. b4 Bxb4 13. Nxb4 Nxb4 14. cxb4 b6
15. d4 d5 16. exd5 Qxd5 17. Nxe5 Qe6 18. Nxg4 Rad8 19. Re1 Qd6 20. Be4 f5 21.
Nxh6+ Qxh6 22. Qb3+ Kh7 23. Bc2 Rf6 24. Re6 Qg5 25. Rxf6 gxf6 26. Qf7+ Kh8 27.
h4 Qg4 28. Qxf6+ Kh7 29. Bxf5+ Qxf5 30. Qxf5+ Kg8 31. Re1 Kg7 32. Re7+ Kh8 33.
Qh7# 1-0

[Event "18. Open de la Constitución 2016"]
[Site "San Sebastian de los Reyes ES"]
[Date "2016.12.07"]
[Round "5.1"]
[White "Martin Duque, Jesus"]
[Black "Perez Gonzalez, Jose Manuel"]
[Result "1/2-1/2"]
[WhiteElo "2295"]
[BlackElo "2315"]
[PlyCount "101"]
[EventDate "2016.12.03"]
[EventType "swiss"]
[EventRounds "9"]
[EventCountry "ESP"]
[SourceTitle "Ajedrez en Madrid"]
[Source "lmi"]
[SourceDate "2016.12.03"]

1. e4 c5 2. Nf3 g6 3. c4 Nc6 4. d4 cxd4 5. Nxd4 Nf6 6. Nc3 d6 7. Be2 Nxd4 8.
Qxd4 Bg7 9. Be3 O-O 10. Qd2 Be6 11. f3 Qa5 12. Rc1 Rfc8 13. b3 a6 14. Na4 Qxd2+
15. Kxd2 Nd7 16. g4 f5 17. gxf5 gxf5 18. Nc3 Rf8 19. Rhg1 Kh8 20. Nd5 Bxd5 21.
cxd5 f4 22. Bf2 Rac8 23. Rxc8 Rxc8 24. Rc1 Rxc1 25. Kxc1 Kg8 26. Be1 Kf7 27.
Bd2 Be5 28. Bf1 Ke8 29. Bh3 Kd8 30. Bf5 h6 31. Kd1 b6 32. Ke2 Nf6 33. Kf2 a5
34. Ke2 Kc7 35. Kd3 Kb7 36. Ke2 Kc7 37. Kf1 Kb7 38. Kg2 Kc7 39. Kh3 Kd8 40. Bg6
Kc7 41. Bf7 Kd8 42. Be1 Kc7 43. Bh4 Kd8 44. Bxf6 Bxf6 45. Kg4 Bg5 46. h4 Bf6
47. Kxf4 Bxh4 48. Kf5 Bf2 49. e5 dxe5 50. Kxe5 Bg3+ 51. Ke6 1/2-1/2

[Event "18. Open de la Constitución 2016"]
[Site "San Sebastian de los Reyes ES"]
[Date "2016.12.07"]
[Round "5.2"]
[White "Solaesa Navalpotro, Luis Julio"]
[Black "Hernando Pertierra, Jose C"]
[Result "1/2-1/2"]
[WhiteElo "2209"]
[BlackElo "2362"]
[PlyCount "140"]
[EventDate "2016.12.03"]
[EventType "swiss"]
[EventRounds "9"]
[EventCountry "ESP"]
[SourceTitle "Ajedrez en Madrid"]
[Source "lmi"]
[SourceDate "2016.12.03"]

1. Nf3 Nf6 2. d4 g6 3. g3 b6 4. Bg2 Bb7 5. c4 Bg7 6. Nc3 Ne4 7. Nxe4 Bxe4 8.
O-O O-O 9. Bf4 c5 10. Be5 Bxe5 11. Nxe5 Bxg2 12. Kxg2 Qc7 13. Rc1 cxd4 14. Qxd4
Nc6 15. Nxc6 Qxc6+ 16. Kg1 Rac8 17. b3 Qe6 18. e3 Rc5 19. Rcd1 d6 20. Qf4 Rf5
21. Qd4 Rc8 22. f4 Rfc5 23. Rfe1 h5 24. e4 Qg4 25. Qf2 b5 26. cxb5 h4 27. Qe2
Qh3 28. Qf1 Qxf1+ 29. Kxf1 Rxb5 30. Rd2 Rbc5 31. Kg2 Kg7 32. Re3 Rh8 33. g4
Rhc8 34. Kh3 Rc1 35. g5 Rf1 36. Kxh4 Rxf4+ 37. Kg3 Rf1 38. Rf3 Rg1+ 39. Rg2
Rcc1 40. Rff2 Rge1 41. Re2 Rc3+ 42. Kf4 e5+ 43. Kg4 Rf1 44. Rgf2 Rg1+ 45. Kh4
a5 46. Rd2 Re1 47. Rfe2 Rf1 48. Rf2 Rxf2 49. Rxf2 Kf8 50. Re2 Ke7 51. Kg4 a4
52. bxa4 Rc4 53. Re3 Rxa4 54. a3 d5 55. h4 d4 56. Rb3 Kd6 57. h5 gxh5+ 58. Kf5
Kc5 59. Kxe5 Kc4 60. Rh3 d3 61. Rxh5 d2 62. Rh1 Kd3 63. Kf6 Rxe4 64. Kxf7 Re1
65. Rh8 Rf1+ 66. Ke6 Rg1 67. Rd8+ Ke3 68. Kf6 Rf1+ 69. Ke6 Rg1 70. Kf6 Rf1+
1/2-1/2

[Event "18. Open de la Constitución 2016"]
[Site "San Sebastian de los Reyes ES"]
[Date "2016.12.07"]
[Round "5.3"]
[White "Suarez Uriel, Adrian"]
[Black "Rottenwohrer Suarez, Juan"]
[Result "1-0"]
[WhiteElo "2360"]
[BlackElo "2171"]
[PlyCount "99"]
[EventDate "2016.12.03"]
[EventType "swiss"]
[EventRounds "9"]
[EventCountry "ESP"]
[SourceTitle "Ajedrez en Madrid"]
[Source "lmi"]
[SourceDate "2016.12.03"]

1. e4 c5 2. Nf3 g6 3. d4 cxd4 4. Nxd4 Nc6 5. c4 Nf6 6. Nc3 d6 7. Be2 Nxd4 8.
Qxd4 Bg7 9. Bg5 O-O 10. Qd2 Be6 11. O-O Qa5 12. Rfc1 Rfe8 13. f3 Rac8 14. b3
Nd7 15. Rab1 a6 16. Be3 f5 17. b4 Qd8 18. f4 Bxc3 19. Rxc3 fxe4 20. g4 Nf6 21.
g5 Nd7 22. Qd4 Qc7 23. Rd1 Qc6 24. Rcc1 Bf5 25. c5 d5 26. Qxd5+ Qxd5 27. Rxd5
Nb8 28. Bc4 Kf8 29. Bd2 Nc6 30. Bc3 Be6 31. Re1 Bxd5 32. Bxd5 Red8 33. Bxe4 Rc7
34. f5 Nd4 35. fxg6 hxg6 36. Rf1+ Kg8 37. Kg2 Kg7 38. Rf4 Rcd7 39. Rh4 Rf8 40.
c6 bxc6 41. Bxc6 Rd6 42. Bxd4+ Kf7 43. Ba4 e5 44. Bxe5 Rd2+ 45. Kh3 Ke6 46. Bg3
Rf5 47. Bb3+ Kd7 48. Rh7+ Kc6 49. Ba4+ Kb6 50. Bc7+ 1-0

[Event "18. Open de la Constitución 2016"]
[Site "San Sebastian de los Reyes ES"]
[Date "2016.12.07"]
[Round "5.4"]
[White "Fernandez Lledo, Javier"]
[Black "Vazquez Gonzalez, Jesus"]
[Result "1-0"]
[WhiteElo "2242"]
[BlackElo "1966"]
[PlyCount "71"]
[EventDate "2016.12.03"]
[EventType "swiss"]
[EventRounds "9"]
[EventCountry "ESP"]
[SourceTitle "Ajedrez en Madrid"]
[Source "lmi"]
[SourceDate "2016.12.03"]

1. e4 g6 2. h4 d5 3. h5 dxe4 4. hxg6 fxg6 5. Nc3 Nf6 6. d4 Bg4 7. f3 exf3 8.
Nxf3 Qd6 9. Be3 Nd5 10. Nxd5 Qxd5 11. Bd3 Bg7 12. Rxh7 Rxh7 13. Bxg6+ Kf8 14.
Bxh7 Nc6 15. Qd3 Nb4 16. Qe4 Bxf3 17. gxf3 Qxe4 18. Bxe4 c6 19. c4 Rd8 20. a3
Na6 21. O-O-O Nc7 22. b4 e6 23. Kc2 a5 24. Bf4 Ne8 25. Be5 axb4 26. axb4 Nf6
27. Rg1 Kf7 28. Bg6+ Ke7 29. Ra1 Bh6 30. Ra7 Rd7 31. Ra8 Be3 32. Kc3 Bf2 33.
Rb8 Be1+ 34. Kc2 Bxb4 35. c5 Bxc5 36. dxc5 1-0

[Event "18. Open de la Constitución 2016"]
[Site "San Sebastian de los Reyes ES"]
[Date "2016.12.07"]
[Round "5.5"]
[White "Bombin Pinera, Dionisio"]
[Black "Lozano Suarez, Luis Miguel"]
[Result "0-1"]
[WhiteElo "1956"]
[BlackElo "2147"]
[PlyCount "58"]
[EventDate "2016.12.03"]
[EventType "swiss"]
[EventRounds "9"]
[EventCountry "ESP"]
[SourceTitle "Ajedrez en Madrid"]
[Source "lmi"]
[SourceDate "2016.12.03"]

1. Nf3 Nf6 2. d4 c5 3. g3 cxd4 4. Nxd4 d5 5. Bg2 e5 6. Nf3 Nc6 7. O-O h6 8. c4
d4 9. Qa4 Bd7 10. Qb5 Qc7 11. Na3 a6 12. Qb3 Na5 13. Qd1 Bxa3 14. bxa3 Nxc4 15.
Bd2 Nxd2 16. Qxd2 O-O 17. Rfc1 Bc6 18. Nh4 Qd7 19. Bxc6 bxc6 20. Qc2 Rac8 21.
Qc4 Qh3 22. f3 Nd5 23. Ng2 a5 24. Rab1 Nc3 25. Rxc3 dxc3 26. Qxc3 Qe6 27. Ne3
Qxa2 28. Rb7 Qxe2 29. Nf5 Rcd8 0-1

[Event "18. Open de la Constitución 2016"]
[Site "San Sebastian de los Reyes ES"]
[Date "2016.12.07"]
[Round "5.6"]
[White "Torres Bosch, Jose F"]
[Black "Calvo de Castro, Miguel"]
[Result "1-0"]
[WhiteElo "2142"]
[BlackElo "1787"]
[PlyCount "49"]
[EventDate "2016.12.03"]
[EventType "swiss"]
[EventRounds "9"]
[EventCountry "ESP"]
[SourceTitle "Ajedrez en Madrid"]
[Source "lmi"]
[SourceDate "2016.12.03"]

1. d4 Nf6 2. c4 e6 3. g3 d5 4. Bg2 Be7 5. Nf3 O-O 6. O-O Nbd7 7. Qc2 Re8 8. Rd1
c6 9. Nbd2 Nf8 10. Ne5 Ng6 11. e4 Nxe4 12. Nxe4 dxe4 13. Bxe4 Qc7 14. Bf4 Bd6
15. c5 Bxe5 16. dxe5 Bd7 17. h4 Kh8 18. Bxg6 hxg6 19. Kg2 Rad8 20. h5 gxh5 21.
Rd6 Bc8 22. Rh1 g6 23. Bg5 Rxd6 24. Bf6+ Kh7 25. Rxh5+ 1-0

[Event "18. Open de la Constitución 2016"]
[Site "San Sebastian de los Reyes ES"]
[Date "2016.12.07"]
[Round "5.7"]
[White "Alfaya Marcelo, Roberto"]
[Black "Camarero Izquierdo, Juan Carlos"]
[Result "1-0"]
[WhiteElo "2114"]
[BlackElo "1760"]
[PlyCount "113"]
[EventDate "2016.12.03"]
[EventType "swiss"]
[EventRounds "9"]
[EventCountry "ESP"]
[SourceTitle "Ajedrez en Madrid"]
[Source "lmi"]
[SourceDate "2016.12.03"]

1. Nf3 d5 2. c4 d4 3. g3 Nc6 4. d3 e5 5. Bg2 h6 6. O-O Be6 7. a3 a5 8. b3 Qd7
9. Re1 Nf6 10. Nbd2 Be7 11. Qc2 Ng4 12. Rb1 h5 13. h3 Nh6 14. h4 Ng4 15. Ne4 f6
16. Qb2 Bf5 17. Bd2 Bxe4 18. dxe4 f5 19. Ng5 Bxg5 20. Bxg5 O-O 21. Rf1 f4 22.
gxf4 exf4 23. Qd2 Qd6 24. Bf3 Nce5 25. Kg2 c5 26. Rbd1 b6 27. Bxf4 Qg6 28. Bg3
a4 29. Bxg4 Nxg4 30. b4 Qxe4+ 31. Kg1 Rf6 32. bxc5 bxc5 33. Qd3 Qe6 34. Rb1 Rg6
35. Qf3 Rd8 36. Kg2 Ne5 37. Qxh5 Qc6+ 38. Kg1 Nxc4 39. Rfc1 Nd2 40. Rxc5 Qd6
41. Rg5 Rxg5 42. Qxg5 Ne4 43. Bxd6 Nxg5 44. Be7 Re8 45. Bxg5 Rxe2 46. Rd1 Ra2
47. Be7 Kf7 48. Bb4 g5 49. hxg5 Kg6 50. Rxd4 Kxg5 51. Kg2 Kf5 52. Kf3 Rb2 53.
Rd5+ Ke6 54. Ra5 Rb3+ 55. Ke4 Rh3 56. Ra6+ Kd7 57. Rxa4 1-0

[Event "18. Open de la Constitución 2016"]
[Site "San Sebastian de los Reyes ES"]
[Date "2016.12.07"]
[Round "5.8"]
[White "Anton Quevedo, Andrea"]
[Black "Quevedo Marin, Manuel"]
[Result "0-1"]
[WhiteElo "1907"]
[BlackElo "2267"]
[PlyCount "150"]
[EventDate "2016.12.03"]
[EventType "swiss"]
[EventRounds "9"]
[EventCountry "ESP"]
[SourceTitle "Ajedrez en Madrid"]
[Source "lmi"]
[SourceDate "2016.12.03"]

1. c4 Nf6 2. Nc3 g6 3. g3 Bg7 4. Bg2 O-O 5. d3 d6 6. Nf3 e5 7. O-O h6 8. Rb1
Re8 9. b4 c6 10. b5 d5 11. Nd2 Be6 12. bxc6 bxc6 13. Qb3 Nbd7 14. Ba3 Nb6 15.
Na4 e4 16. Nc5 Bg4 17. Rfe1 e3 18. Nf3 exf2+ 19. Kxf2 Qc8 20. cxd5 cxd5 21.
Rbc1 Qf5 22. Kg1 Bh3 23. Qb4 Bxg2 24. Kxg2 g5 25. Nb7 Qg6 26. Nd6 Re6 27. Nd4
Rxd6 28. Qxd6 Bf8 29. Qe5 Bxa3 30. Rc6 Nbd7 31. Qc7 Bb2 32. Nf3 g4 33. Nh4 Qg5
34. Rf1 Re8 35. Rc2 Bd4 36. Nf5 Bb6 37. Qd6 Kh7 38. a4 Re5 39. Nh4 Qe3 40. a5
Bc5 41. Rxc5 Qxc5 42. Qxc5 Nxc5 43. Rxf6 Rxe2+ 44. Kg1 Kg7 45. Rd6 Nxd3 46.
Nf5+ Kh7 47. Rxh6+ Kg8 48. Rd6 Ne5 49. Rxd5 Nf3+ 50. Kf1 Rxh2 51. Rd7 Rh5 52.
Ne3 Rxa5 53. Nxg4 Kg7 54. Kf2 Ng5 55. Ne3 Ra2+ 56. Kf1 a5 57. Ra7 a4 58. Ra6 f6
59. Nd5 Ne4 60. g4 a3 61. Re6 Ra1+ 62. Ke2 a2 63. Rxe4 Re1+ 64. Kxe1 a1=Q+ 65.
Kf2 Qa2+ 66. Kf3 Qxd5 67. Kf4 Kg6 68. Re3 Qd4+ 69. Kf3 Kg5 70. Re2 Qxg4+ 71.
Kf2 f5 72. Re1 Kf4 73. Rg1 Qf3+ 74. Ke1 Qc3+ 75. Kd1 Qd4+ 0-1